Annual manpower report to the President (Record no. 9310)
[ view plain ]
| 000 -LEADER | |
|---|---|
| fixed length control field | 00429nam a2200145Ia 4500 |
| 008 - FIXED-LENGTH DATA ELEMENTS--GENERAL INFORMATION | |
| fixed length control field | 150509s9999 xx 000 0 und d |
| 082 ## - DEWEY DECIMAL CLASSIFICATION NUMBER | |
| Classification number | 331.1109678 TAN |
| 100 ## - MAIN ENTRY--PERSONAL NAME | |
| Personal name | Tanzania, the United Republic of |
| 245 ## - TITLE STATEMENT | |
| Title | Annual manpower report to the President |
| 260 ## - PUBLICATION, DISTRIBUTION, ETC. | |
| Place of publication, distribution, etc. | Dar es Salaam, Ministry of Manpower Development: |
| 260 ## - PUBLICATION, DISTRIBUTION, ETC. | |
| Name of publisher, distributor, etc. | The Manpower Planning Division |
| 260 ## - PUBLICATION, DISTRIBUTION, ETC. | |
| Date of publication, distribution, etc. | n.d. |
| 500 ## - GENERAL NOTE | |
| General note | Annual |
| 650 ## - SUBJECT ADDED ENTRY--TOPICAL TERM | |
| Topical term or geographic name entry element | Labour supply |
| Withdrawn status | Lost status | Source of classification or shelving scheme | Damaged status | Not for loan | Home library | Current library | Shelving location | Date acquired | Total Checkouts | Full call number | Barcode | Date last seen | Price effective from | Koha item type |
|---|---|---|---|---|---|---|---|---|---|---|---|---|---|---|
| Dewey Decimal Classification | IFM Main Campus Library | IFM Main Campus Library | Archival Collection | 05/15/2015 | 331.1109678 TAN | 0000018209 | 05/15/2015 | 05/15/2015 | Books |
